| 000 | 00601nam a2200217Ia 4500 | ||
|---|---|---|---|
| 003 | OSt | ||
| 005 | 20220923230204.0 | ||
| 006 | a|||||r|||| 00| 0 | ||
| 007 | ta | ||
| 008 | 220922b |||||||| |||| 00| 0 pan d | ||
| 024 | _a278,191 | ||
| 037 | _cTextual | ||
| 040 |
_aARTS _cARTS _bpan |
||
| 041 |
_2pan _apan |
||
| 082 | _aV236.N88<-I69, 153P3 | ||
| 100 | _aਸਿੰਘ, ॥ਸਵੰਤ | ||
| 245 | 0 |
_aਸਿੱਖ ਹਿਸਟਰੀ _b 1469-1988 |
|
| 260 | _c2003 | ||
| 942 |
_hV236.N88<-I69, 153P3 _cTEXL _2CC |
||
| 999 |
_c383148 _d383148 |
||